| 000 | 00597nam a2200193 a 4500 | ||
|---|---|---|---|
| 001 | 000032200 | ||
| 005 | 20240412074255.0 | ||
| 008 | 110713s1927 dr r 000 p spa d | ||
| 040 |
_aDO-SdBNP _bspa _cBNPHU |
||
| 082 |
_aRD861.4 _bM843d |
||
| 100 | 1 |
_aMoreno Jimenes, Domingo, _d1894-1986 _919534 |
|
| 245 | 1 | 3 |
_aDecrecer / _cD. Moreno Jimenes. |
| 260 |
_aSanto Domingo : _bImprenta Linotipo de A. Perdomo, _c1927. |
||
| 300 |
_a79 p. ; _c21 cm. |
||
| 590 | _aInventariado, 2018/LP | ||
| 650 | 0 |
_aPoesÃa dominicana _966 |
|
| 650 | 0 |
_aLiteratura dominicana. _967 |
|
| 910 | _aInventariado, 2018/MFF | ||
| 999 |
_c31691 _d31691 |
||